Sửa nói ngọng qua mẫu luyện thanh cho sinh viên khoa giáo dục mầm non trường Cao đẳng sư phạm Điện Biên /

সংরক্ষণ করুন:
গ্রন্থ-পঞ্জীর বিবরন
প্রধান লেখক: Phùng Thanh Tâm, ThS.
বিন্যাস: প্রবন্ধ
ভাষা:Vietnamese
বিষয়গুলি:
ট্যাগগুলো: ট্যাগ যুক্ত করুন
কোনো ট্যাগ নেই, প্রথমজন হিসাবে ট্যাগ করুন!
Thư viện lưu trữ: Thư viện Trường Đại học Đà Lạt
LEADER 00857nam a2200265 4500
001 DLU180187531
005 ##20181002
040 # # |a DLU  |b vie 
041 # # |a vie 
044 # # |a vn 
100 # # |a Phùng Thanh Tâm,   |c ThS. 
245 # # |a Sửa nói ngọng qua mẫu luyện thanh cho sinh viên khoa giáo dục mầm non trường Cao đẳng sư phạm Điện Biên /  |c Phùng Thanh Tâm. 
653 # # |a Âm nhạc 
653 # # |a Giáo dục mầm non 
653 # # |a Giáo dục toàn diện 
773 # # |t Tạp chí dạy và học ngày nay  |g Số 03, 2017, tr. 45-46 
920 # # |a Phòng Tạp chí -- Trung tâm Thông tin - Thư viện Trường Đại học Đà Lạt 
994 # # |a DLU 
900 # # |a True 
911 # # |a Trần Thị Minh Hương 
925 # # |a G 
926 # # |a A 
927 # # |a BB 
980 # # |a Thư viện Trường Đại học Đà Lạt